Statistical modeling of the clonal structure of tumors
Guardado en:
| Autor principal: | |
|---|---|
| Otros Autores: | |
| Formato: | Manuscrito Libro |
| Lenguaje: | eslovaco inglés |
| Publicado: |
2023
|
| Materias: | |
| Acceso en línea: | http://is.stuba.sk/zp/portal_zp.pl?podrobnosti=148423 |
| Etiquetas: |
Sin Etiquetas, Sea el primero en etiquetar este registro!
|
MARC
| LEADER | 00000ntm a22000003a 4500 | ||
|---|---|---|---|
| 001 | stuzp92357 | ||
| 003 | SK-STU | ||
| 005 | 20230909212905.7 | ||
| 007 | ta | ||
| 008 | 150427s2015----xo-----f-mn---000-0-slo-d | ||
| 040 | |a STU |b slo | ||
| 041 | 0 | |a eng | |
| 100 | 1 | |a Kokavec, Simon |u 070200 |4 aut |U FIIT Fakulta informatiky a informačných technológií |T FIIT Ústav informatiky, informačných systémov a softvérového inžinierstva |X 96919 |U I200 |Y 179 |7 96919 | |
| 242 | 0 | 1 | |a Štatistické modelovanie klonálnej štruktúry nádorov |y slo |
| 245 | 1 | 0 | |a Statistical modeling of the clonal structure of tumors |
| 260 | |c 2023 | ||
| 650 | 4 | |a rakovinové nádory |2 slo | |
| 650 | 4 | |a sekvenovanie |2 slo | |
| 650 | 4 | |a štatistické modelovanie |2 slo | |
| 650 | 4 | |a klonálna štruktúra nádorov |2 slo | |
| 650 | 4 | |a sequencing |2 eng | |
| 650 | 4 | |a statistical modeling |2 eng | |
| 650 | 4 | |a clonal structure of tumors |2 eng | |
| 650 | 4 | |a cancer tumors |2 eng | |
| 700 | 1 | |a Kováč, Michal |u 070200 |k Z1 |4 ths |U FIIT Fakulta informatiky a informačných technológií |T FIIT Ústav informatiky, informačných systémov a softvérového inžinierstva |X 110756 |U I200 |Y 179 |7 110756 | |
| 856 | 4 | |u http://is.stuba.sk/zp/portal_zp.pl?podrobnosti=148423 | |